000 00517nam a2200193Ia 4500
005 20260429111948.0
008 260429s9999||||xx |||||||||||||| ||und||
020 _a9788184114331
041 _aEnglish
082 _a577.14
_bGAU
100 _aGaur, P.K.
245 0 _aTextbook of environmental chemistry /
_cP.K. Gaur
260 _aNew Delhi :
_bSonali Publications,
_c2024.
300 _av, 289 p.; hb
650 _a Environmental chemistry
650 _a Green chemistry
650 _aEcology
942 _cTB
999 _c51639
_d51639